Κατάλογος Βιβλιοθηκών Mediterranean College

Δημιουργική γραφή : (Record no. 9883)

MARC details
000 -LEADER
fixed length control field 02740nam a22002177a 4500
005 - ΗΜΕΡΟΜΗΝΙΑ ΚΑΙ ΩΡΑ ΤΕΛΕΥΤΑΙΑΣ ΕΝΗΜΕΡΩΣΗΣ
Πεδίο ελέγχου 20250806122405.0
006 - FIXED-LENGTH DATA ELEMENTS--ADDITIONAL MATERIAL CHARACTERISTICS
Πεδίο ελέγχου σταθερού μήκους a|||||r|||||||||||
008 - FIXED-LENGTH DATA ELEMENTS--GENERAL INFORMATION
Πεδίο ελέγχου σταθερού μήκους 250806s |||||||| |||| 00| ||gre d
020 ## - ISBN
ISBN 9786185063696
040 ## - ΠΗΓΗ ΚΑΤΑΛΟΓΟΓΡΑΦΗΣΗΣ
Φορέας πρωτότυπης καταλογογράφησης MC Thessaloniki Campus Library
Γλώσσα καταλογογράφησης Ελληνικά, Μοντέρνα (1453-)
Modifying agency MC Thessaloniki Campus Library
Κανόνες περιγραφικής καταλογογράφησης AACR2
100 1# - MAIN ENTRY--PERSONAL NAME
Σχέση Συγγραφέας
Personal name Καρακίτσιος, Ανδρέας.
245 10 - ΤΙΤΛΟΣ ΚΑΙ ΔΗΛΩΣΗ ΥΠΕΥΘΥΝΟΤΗΤΑΣ
Τίτλος Δημιουργική γραφή :
Remainder of title "παίζουμε λογοτεχνία" /
Statement of responsibility, etc. Ανδρέας Καρακίτσιος.
260 ## - PUBLICATION, DISTRIBUTION, ETC.
Place of publication, distribution, etc. Θεσσαλονίκη :
Name of publisher, distributor, etc. Ζυγός,
Date of publication, distribution, etc. 2021.
300 ## - PHYSICAL DESCRIPTION
Extent 668 σ. :
Other physical details εικ. ;
Διαστάσεις 24 εκ.
504 ## - ΣΗΜΕΙΩΣΗ ΒΙΒΛΙΟΓΡΑΦΙΑΣ κλπ.
Σημείωση βιβλιογραφίας, κλπ. Βιβλιογραφία: σ. 265-268.
520 ## - SUMMARY, ETC.
Summary, etc. Στο παρόν βιβλίο διάφορες λογοτεχνικές θεωρίες και δεδομένα της αφήγησης αποτελούν το πολύμορφο όχημα, προκειμένου να αναδυθούν πολυθεαματικοί και παιγνιώδεις τρόποι δημιουργικής γραφής. Πρόκειται, δηλαδή, για ένα ευρύτατο πεδίο θεωρητικών δεδομένων και πρακτικών εφαρμογών στο πεδίο της λογοτεχνίας. Σε μια πολυσέλιδη και άκρως ενδιαφέρουσα εισαγωγή, ο Καρακίτσιος, αναφέρεται στην προσέγγιση της διδασκαλίας της λογοτεχνίας σε σχέση με τη δημιουργική γραφή αναρωτώμενος αν, τελικά, παρατηρείται η επιστροφή της Ρητορικής. Προβαίνει σε μια ιστορική αναδρομή στη Δυτική Ευρώπη και ιδιαίτερα στην Ελλάδα, υπό το πρίσμα των συνεχών μεταρρυθμίσεων, ήδη από το τελευταίο τέταρτο του 19ου αιώνα, αναζητώντας το πολυπρόσωπο της δημιουργικής γραφής. Όσον αφορά στην ημεδαπή, συμπεραίνει ότι σήμερα, παρά τις δυσκολίες, το ζήτημα της διδασκαλίας της λογοτεχνίας αντιμετωπίζεται καλύτερα, περνώντας μετά τη μεταπολίτευση από τις συμπληγάδες μιας τυπικής ερμηνείας και κατανόησης των κειμένων, στη δεκαετία του 2010 και ιδιαίτερα, μετά το 2017, με τη σχετική εδραίωση της δημιουργικής γραφής στην εκπαίδευση.
942 ## - ADDED ENTRY ELEMENTS (KOHA)
Koha item type Books
Holdings
Τύπος τεκμηρίου Βιβλιοθήκη Τρέχουσα τοποθεσία Ημερομηνία απόκτησης Ταξιθετικό σύμβολο Κατάσταση απόσυρσης Κατάσταση χαμένου Κατάσταση κατεστραμμένου Μη δανεισμός Σύνολο δανεισμών Ημερομηνία τελευταίας εμφάνισης Η τιμή ισχύει από
Books MC Thessaloniki Campus Library MC Thessaloniki Campus Library 06/08/2025 808.02071 ΚΑΡ           06/08/2025 06/08/2025

MC Athens Campus Library
Πατησίων 94 & Κοδριγκτώνος 13, 104 34
Πελλήνης 8 & Πατησίων 107, 112 51
Τ: +30 210 8899600

MC Thessaloniki Campus Library
Ίωνος Δραγούμη 21, 54625 | Ίωνος Δραγούμη 15, 54625
Τ: +30 2310 287779 – Τ: +30 2314 440300